|
|
|
|
| LEADER |
00000nab a2200000 a 4500 |
| 001 |
vtls000671614 |
| 003 |
SK-MaSNL |
| 005 |
20260303201305.0 |
| 008 |
180205c1998 xo 0 slo |
| 015 |
|
|
|a SNBRB1998/09-25744
|
| 035 |
|
|
|a CLN000023791
|
| 040 |
|
|
|a SNKBUCL
|b slo
|c SNKBUCL
|e AACR2
|
| 041 |
0 |
|
|a slo
|
| 044 |
|
|
|a xo
|c SK
|
| 080 |
|
|
|a 329.17(437.6)SNS
|2 UDC-MRF-SK2
|
| 100 |
1 |
|
|a Čeredejev, Ivan,
|d 1952-
|4 aut
|9 104686
|
| 245 |
1 |
0 |
|a Neveselý výsledok štvorročnej domestikácie orla tatranského
|c Ivan Čeredejev
|
| 610 |
2 |
7 |
|a Slovenská národná strana (1990-)
|2 snkbucl
|9 31006
|
| 655 |
|
7 |
|a články z novín a časopisov
|2 snkbucl
|9 267496
|
| 773 |
0 |
|
|t Sme
|g Roč. 6 a 51, č. 208 (9.9.1998), s. 4
|
| 850 |
|
|
|a Slovenská národná knižnica v Martine
|
| 852 |
|
|
|a SNK
|b KIS3GCP
|
| 958 |
|
|
|a RBX
|
| 999 |
|
|
|c 2173045
|d 2174975
|